{"text_format":"3","workbook":"xlsx","n_sheets":1,"sheets":["控制价清单表"],"not_rendered":{"defined_names":1},"read":"whole","date_system":"1900"}

{"sheet":"控制价清单表","index":0,"n_rows":18,"n_cols":8,"rows_kept":18,"merged":[[0,0,0,7],[1,0,1,7]]}
["控制价清单表"]
["隆昌市优质粮油产业融合示范园-优质高产示范基地-耕作田块修筑（一）—专业分包采购"]
["序号","工程或费用名称","工作内容","单位","工程量\n（暂估）","含税控制单价（9%）","含税控制合价（9%）","备注"]
["一","表土剥离存放工程"]
[1,"表土剥离-集中堆放","[项目特征]\n1.土石类别:不区分土石成分，综合考虑\n2.判断标准:人工开挖槽凡图示槽底宽（不含加宽工作面）在5m以内，且槽底长大于底宽三倍以上者，执行本清单项；机械开挖槽凡图示槽底宽（不含加宽工作面）在7m以内，且槽底长大于底宽三倍以上者，执行本清单项；除上述规定外执行平基项目。\n3.开挖深度:根据原始地形图、平基施工图、地质勘察报告、基础设计施工图等综合考虑\n4.开挖方式:机械开挖，人工捡底\n6.弃渣运距:综合考虑\n[工程内容]\n1.表土剥离-集中堆放\n2.人工配合机械施工。\n3.处理渗水、积水\n4.清理\n5.场内运输\n6.安全防护、警卫\n7.平整、夯实；修整底、边","m3",28890.33,7.63,{"$f":"ROUND(E5*F5,2)","v":220433.22}]
["二","土地平整工程"]
[1,"土方平整","[项目特征]\n1.土石类别:不区分土石成分，综合考虑\n2.判断标准:人工开挖槽凡图示槽底宽（不含加宽工作面）在5m以内，且槽底长大于底宽三倍以上者，执行本清单项；机械开挖槽凡图示槽底宽（不含加宽工作面）在7m以内，且槽底长大于底宽三倍以上者，执行本清单项；除上述规定外执行平基项目。\n3.开挖深度:根据原始地形图、平基施工图、地质勘察报告、基础设计施工图等综合考虑\n4.开挖方式:机械开挖，人工捡底\n6.弃渣运距:综合考虑\n[工程内容]\n1.土方平整\n2.人工配合机械施工。\n3.处理渗水、积水\n4.清理\n5.场内运输\n6.安全防护、警卫\n7.平整、夯实；修整底、边","m3",9941.53,1.85,{"$f":"ROUND(E7*F7,2)","v":18391.83}]
[2,"表土回填","[项目特征]\n1.土石类别:不区分土石成分，综合考虑\n2.判断标准:人工开挖槽凡图示槽底宽（不含加宽工作面）在5m以内，且槽底长大于底宽三倍以上者，执行本清单项；机械开挖槽凡图示槽底宽（不含加宽工作面）在7m以内，且槽底长大于底宽三倍以上者，执行本清单项；除上述规定外执行平基项目。\n3.开挖深度:根据原始地形图、平基施工图、地质勘察报告、基础设计施工图等综合考虑\n4.开挖方式:机械开挖，人工捡底\n6.弃渣运距:运距离为5.9Km\n[工程内容]\n1.表土回填\n2.人工配合机械施工。\n3.处理渗水、积水\n4.清理\n5.场内运输\n6.安全防护、警卫\n7.平整、夯实；修整底、边","m3",28890.33,8.59,248167.93]
[3,"客土回填","[项目特征]\n1.土石类别:不区分土石成分，综合考虑\n2.判断标准:人工开挖槽凡图示槽底宽（不含加宽工作面）在5m以内，且槽底长大于底宽三倍以上者，执行本清单项；机械开挖槽凡图示槽底宽（不含加宽工作面）在7m以内，且槽底长大于底宽三倍以上者，执行本清单项；除上述规定外执行平基项目。\n3.开挖深度:根据原始地形图、平基施工图、地质勘察报告、基础设计施工图等综合考虑\n4.开挖方式:机械开挖，人工捡底\n6.弃渣运距:运距离为5.9Km\n[工程内容]\n1.客土回填\n2.人工配合机械施工。\n3.处理渗水、积水\n4.清理\n5.场内运输\n6.安全防护、警卫\n7.平整、夯实；修整底、边","m3",10999.76,21.96,241554.73]
[4,"土地培肥","[项目特征]\n复合肥6000kg/公顷(有机无机复混肥的有机质≥20%，氮磷钾含量≥15%，水分含量≤12%。)\n[工程内容]\n1.配合机械地力培肥；\n2.分配平衡施肥比例；\n3.实施年限：3年","hm²",{"v":9.9415,"d":"9.94"},10032.36,99736.71]
["三","树根清除"]
[6,"树根清除","[项目特征]\n1.树根及草坪清除\n2.清除方式:机械开挖，人工捡底\n3.弃渣运距:弃土运距离8.56Km\n[工程内容]\n1.土方平整\n2.人工配合机械施工。\n3.清理、外运\n4.安全防护、警卫\n5.平整、夯实；修整底、边","棵",{"v":1385,"d":"1385.00"},1.85,2562.25]
[7,"草坪清除","[项目特征]\n1.树根及草坪清除\n2.清除方式:机械开挖，人工捡底\n3.弃渣运距:弃土运距离8.56Km\n[工程内容]\n1.土方平整\n2.人工配合机械施工。\n3.清理\n4.安全防护、警卫\n5.平整、夯实；修整底、边","m³",10476.92,25.62,268418.69]
["四","古树保护挡墙工程"]
[1,"土方开挖","[项目特征]\n1.挡墙开挖\n2.M7.5浆砌条石\n3.基础找平\n[工程内容]\n1.砂浆制作、运输、浇筑、振捣、养护、打磨平整、切缝、刻痕\n2.表面凿毛或收光\n3.砂浆、条石采购，材料及机械均由分包人提供\n4.M7.5砌筑工作；\n5.材料搬运、拌、运砂浆；\n6.搭、拆脚手架；\n7.砌筑、勾缝、养护；\n8.沉降缝胶泥制作与填抹；\n9.排水孔下的胶泥铺设与孔口填石；\n10.安全措施。","m3",279.13,{"v":5.4,"d":"5.40"},{"v":1507.3,"d":"1507.30"}]
[2,"土方回填","[项目特征]\n1.挡墙开挖\n2.M7.5浆砌条石\n3.基础找平\n[工程内容]\n1.砂浆制作、运输、浇筑、振捣、养护、打磨平整、切缝、刻痕\n2.表面凿毛或收光\n3.砂浆、条石采购，材料及机械均由分包人提供\n4.M7.5砌筑工作；\n5.材料搬运、拌、运砂浆；\n6.搭、拆脚手架；\n7.砌筑、勾缝、养护；\n8.沉降缝胶泥制作与填抹；\n9.排水孔下的胶泥铺设与孔口填石；\n10.安全措施。","m3",131.87,{"v":3.6,"d":"3.60"},474.73]
[3,"M7.5浆砌条石","[项目特征]\n1.挡墙开挖\n2.M7.5浆砌条石\n3.基础找平\n[工程内容]\n1.砂浆制作、运输、浇筑、振捣、养护、打磨平整、切缝、刻痕\n2.表面凿毛或收光\n3.砂浆、条石采购，材料及机械均由分包人提供\n4.M7.5砌筑工作；\n5.材料搬运、拌、运砂浆；\n6.搭、拆脚手架；\n7.砌筑、勾缝、养护；\n8.沉降缝胶泥制作与填抹；\n9.排水孔下的胶泥铺设与孔口填石；\n10.安全措施。","m3",147.26,461.38,67942.82]
["五","合计",{"$nulls":4},{"$f":"SUM(G4:G17)","v":1169190.21}]